000 00285nam a2200109Ia 4500
008 220120s9999||||xx |||||||||||||| ||und||
100 _aAsbenden, Peter, J
_911577
245 0 _aDesigners guide to VHDL
260 _bNew Delhi
300 _a322p;
_b760
650 _aGENERAL KNOWLEDGE
_93314
999 _c136618
_d136618